[Event "For Anand Champion of the world "]
[Site "SchemingMind.com"]
[Date "2007.10.20"]
[Round "-"]
[White "kado"]
[Black "Shogun"]
[Result "1-0"]
[WhiteCountry "USA"]
[BlackCountry "CRO"]
[WhiteElo "1812"]
[WhiteRD "98"]
[BlackElo "1513"]
[BlackRD "92"]
[GameID "125020"]

1. e4 c5 2. Nf3 Nc6 3. d4 cxd4 4. Nxd4 Nf6 5. Nc3 d6 6. Bg5 e6 7. Qd2 Bd7 8. O-O-O a6 9. f4 b5 10. Bxf6 gxf6
11. Nxc6 Bxc6 12. Bd3 b4 13. Ne2 Qb6 14. Kb1 h5 15. Qe1
1-0

[Event "For Anand Champion of the world "]
[Site "SchemingMind.com"]
[Date "2007.10.22"]
[Round "-"]
[White "kifosi"]
[Black "Shogun"]
[Result "1-0"]
[WhiteCountry "DEN"]
[BlackCountry "CRO"]
[WhiteElo "1858"]
[WhiteRD "66"]
[BlackElo "1513"]
[BlackRD "92"]
[GameID "125021"]

1. d4 Nf6 2. c4 e6 3. Nf3 d5 4. Nc3 c6 5. Bg5 dxc4 6. e4 b5 7. e5 h6 8. Bh4 g5 9. Nxg5 hxg5 10. Bxg5 Nbd7
11. exf6 Bb7 12. g3 c5 13. d5
1-0

[Event "For Anand Champion of the world "]
[Site "SchemingMind.com"]
[Date "2007.10.17"]
[Round "-"]
[White "ekulrac"]
[Black "Shogun"]
[Result "0-1"]
[WhiteCountry "SCO"]
[BlackCountry "CRO"]
[WhiteElo "1670"]
[WhiteRD "56"]
[BlackElo "1766"]
[BlackRD "139"]
[GameID "125023"]

1. e4 c5 2. Nf3 d6 3. b4 cxb4 4. d4 Nf6 5. Nbd2 g6 6. Bb2 Bg7 7. Bd3 O-O 8. O-O Bg4 9. h3 Bxf3 10. Nxf3 e6
11. Nh2 a5 12. a4 bxa3 13. Bxa3 Re8 14. Rb1 Qc7 15. c4 e5 16. dxe5 dxe5 17. Nf3 Nbd7 18. Qb3 b6 19. Ng5 Nc5 20. Bxc5 bxc5
21. Qb7 Qxb7 22. Rxb7 Rf8 23. Rc7 h6 24. Nf3 Rfc8 25. Rb7 Nh5 26. g3 a4 27. Bb1 a3 28. Ba2 Rd8 29. Rfb1 Rd3 30. Kg2 Rc3
31. Rb8+ Rxb8 32. Rxb8+ Kh7 33. Ra8 Nf6 34. Nxe5 Nxe4 35. Nxf7 Rc2
0-1

[Event "For Anand Champion of the world "]
[Site "SchemingMind.com"]
[Date "2007.10.19"]
[Round "-"]
[White "rampichino"]
[Black "ekulrac"]
[Result "0-1"]
[WhiteCountry "ITA"]
[BlackCountry "SCO"]
[WhiteElo "1370"]
[WhiteRD "47"]
[BlackElo "1670"]
[BlackRD "56"]
[GameID "125258"]

1. e4 Nc6 2. d4 e5 3. Nf3 d6 4. dxe5 Nxe5 5. Nxe5 dxe5 6. Qxd8+ Kxd8 7. Bc4 f6 8. O-O c6 9. Rd1+ Kc7 10. Be3 a5
11. a4 g5 12. Nc3 Ne7 13. Rd2 Ng6 14. Rad1 Be7
0-1

[Event "For Anand Champion of the world "]
[Site "SchemingMind.com"]
[Date "2007.10.19"]
[Round "-"]
[White "ekulrac"]
[Black "rampichino"]
[Result "1-0"]
[WhiteCountry "SCO"]
[BlackCountry "ITA"]
[WhiteElo "1670"]
[WhiteRD "56"]
[BlackElo "1370"]
[BlackRD "47"]
[GameID "125266"]

1. e4 d5 2. exd5 Qxd5 3. Nf3 Bg4 4. Be2 Nf6 5. Nc3 Qd6 6. O-O e5 7. Re1 Bxf3 8. Bxf3 Nc6 9. d4 O-O-O 10. Bxc6 Qxc6
11. Rxe5 Bd6 12. Re1 Nd5 13. Qf3 Nxc3 14. Qxc6
1-0

[Event "For Anand Champion of the world "]
[Site "SchemingMind.com"]
[Date "2007.10.19"]
[Round "-"]
[White "tyler_ensor"]
[Black "Dr_Pat"]
[Result "1-0"]
[WhiteCountry "CAN"]
[BlackCountry "USA"]
[WhiteElo "1633"]
[WhiteRD "77"]
[BlackElo "1497"]
[BlackRD "44"]
[GameID "125314"]

1. e4 Nf6 2. e5 Nd5 3. d4 d6 4. Nf3 Bg4 5. Be2 Nc6 6. O-O e6 7. c4 Nb6 8. exd6 cxd6 9. b3 Be7 10. Nc3 O-O
11. d5 exd5 12. Nxd5 Nxd5 13. Qxd5 Qc7 14. Bb2 Nb4 15. Qd2 Nc6 16. Nd4 Bxe2 17. Qxe2 Nxd4 18. Bxd4 Rfe8 19. Qg4 g6 20. Rfe1 b6
21. Re3 a5 22. Rae1 a4 23. Qh3 d5 24. Qh6 f6 25. Bxf6
1-0

[Event "For Anand Champion of the world "]
[Site "SchemingMind.com"]
[Date "2007.10.19"]
[Round "-"]
[White "tyler_ensor"]
[Black "kado"]
[Result "0-1"]
[WhiteCountry "CAN"]
[BlackCountry "USA"]
[WhiteElo "1534"]
[WhiteRD "66"]
[BlackElo "1847"]
[BlackRD "91"]
[GameID "125315"]

1. d4 Nf6 2. Nf3 e6 3. e3 c5 4. Nbd2 d5 5. c3 Nc6 6. Bd3 Bd6 7. O-O O-O 8. Re1 e5 9. dxe5 Nxe5 10. Nxe5 Bxe5
11. e4 Bg4 12. f3 Be6 13. exd5 Qxd5 14. Bc4 Qd6 15. Bxe6 Qxe6 16. f4 Bd4+ 17. cxd4 Qd5 18. Nf3 Rfe8 19. Be3 Ng4 20. Bf2 g6
0-1

[Event "For Anand Champion of the world "]
[Site "SchemingMind.com"]
[Date "2007.10.24"]
[Round "-"]
[White "tyler_ensor"]
[Black "kifosi"]
[Result "1-0"]
[WhiteCountry "CAN"]
[BlackCountry "DEN"]
[WhiteElo "1681"]
[WhiteRD "68"]
[BlackElo "1771"]
[BlackRD "68"]
[GameID "125316"]

1. c4 e5 2. Nc3 Nf6 3. g3 Bb4 4. Bg2 O-O 5. Nf3 Nc6 6. d3 d6 7. Qb3 e4 8. dxe4 Nxe4 9. Bd2 Nxd2 10. Nxd2 Bxc3
11. Qxc3 Bd7 12. O-O-O Re8 13. e3 Rb8 14. Nf3 Ne5 15. Nxe5 dxe5 16. Bh3 Bxh3 17. Rxd8 Rbxd8 18. Rd1 f6 19. Rxd8 Rxd8 20. Qa5
1-0

[Event "For Anand Champion of the world "]
[Site "SchemingMind.com"]
[Date "2007.10.20"]
[Round "-"]
[White "tyler_ensor"]
[Black "Lazaro"]
[Result "0-1"]
[WhiteCountry "CAN"]
[BlackCountry "CUB"]
[WhiteElo "1609"]
[WhiteRD "66"]
[BlackElo "1595"]
[BlackRD "46"]
[GameID "125317"]

1. e4 c5 2. Nf3 Nc6 3. d4 cxd4 4. Nxd4 g6 5. Be3 Nf6 6. f3 Bg7 7. Qd2 O-O 8. c4 d6 9. Nc3 Bd7 10. O-O-O Rc8
11. Nxc6 Bxc6 12. Bh6 a6 13. Bxg7 Kxg7
0-1

[Event "For Anand Champion of the world "]
[Site "SchemingMind.com"]
[Date "2007.10.19"]
[Round "-"]
[White "tyler_ensor"]
[Black "ekulrac"]
[Result "0-1"]
[WhiteCountry "CAN"]
[BlackCountry "SCO"]
[WhiteElo "1681"]
[WhiteRD "68"]
[BlackElo "1761"]
[BlackRD "62"]
[GameID "125318"]

1. d4 e6 2. e4 d5 3. Nc3 dxe4 4. Nxe4 Nc6 5. Nf3 Nf6 6. Bd3 Be7 7. c3 O-O 8. Bg5 Nxe4 9. Bxe7 Qxe7 10. Bxe4 Bd7
11. Qe2 Qf6 12. O-O Rab8 13. Rfe1 Ne7 14. Bd3 Nd5 15. Ne5 Bc8 16. Qc2 g6 17. Re4 Nb6 18. Rae1 Qg7 19. R1e3 Nd7 20. Rg3 Nxe5
21. Rxe5 Bd7 22. h4 f5 23. Bc4 Rbe8 24. Rge3 f4 25. R3e4 Qf6 26. Qb3 Kg7 27. Bxe6 Bxe6 28. Rxe6 Rxe6 29. Qxe6 Qxh4 30. Qe7+ Qxe7
31. Rxe7+ Rf7 32. Rxf7+ Kxf7 33. Kf1 Ke6 34. Ke2 Kf5 35. f3 g5 36. c4 h5 37. d5 Ke5 38. Kd3 g4 39. fxg4 hxg4 40. b3 a5
41. a3 b6 42. b4 axb4 43. axb4 b5 44. cxb5= Kxd5 45. b6 cxb6 46. b5 f3 47. gxf3 gxf3 48. Ke3 Kc5
0-1

[Event "For Anand Champion of the world "]
[Site "SchemingMind.com"]
[Date "2007.10.24"]
[Round "-"]
[White "tyler_ensor"]
[Black "mi_di"]
[Result "0-1"]
[WhiteCountry "CAN"]
[BlackCountry "MEX"]
[WhiteElo "1534"]
[WhiteRD "66"]
[BlackElo "1943"]
[BlackRD "90"]
[GameID "125320"]

1. c4 Nf6 2. g3 c6 3. Bg2 d5 4. cxd5 Nxd5 5. Nf3 Nd7 6. b3 e6 7. Bb2 Bd6 8. Nc3 O-O 9. Nxd5 exd5 10. O-O Nf6
11. a3 Re8 12. b4 Bf5 13. Nd4 Bg6
0-1

[Event "For Anand Champion of the world "]
[Site "SchemingMind.com"]
[Date "2007.10.20"]
[Round "-"]
[White "tyler_ensor"]
[Black "Elekt"]
[Result "1-0"]
[WhiteCountry "CAN"]
[BlackCountry "GRE"]
[WhiteElo "1681"]
[WhiteRD "68"]
[BlackElo "1722"]
[BlackRD "100"]
[GameID "125321"]

1. e4 e5 2. Nf3 d6 3. d4 Nd7 4. Bc4 f6 5. Nc3 Ne7 6. O-O b6 7. dxe5 fxe5 8. Nh4 Ng6 9. Nxg6 hxg6 10. Qd5 Qh4
11. h3 Rb8 12. Qf7+ Kd8 13. Be6
1-0

[Event "For Anand Champion of the world "]
[Site "SchemingMind.com"]
[Date "2007.10.20"]
[Round "-"]
[White "tyler_ensor"]
[Black "Shogun"]
[Result "1-0"]
[WhiteCountry "CAN"]
[BlackCountry "CRO"]
[WhiteElo "1609"]
[WhiteRD "66"]
[BlackElo "1513"]
[BlackRD "92"]
[GameID "125322"]

1. d4 Nf6 2. Nf3 c5 3. e3 e6 4. Bd3 d5 5. c3 Nc6 6. Nbd2 Be7 7. O-O O-O 8. Re1 cxd4 9. exd4 Qb6 10. Qe2 Re8
11. Ne5 Nxe5 12. Qxe5 Qd6 13. Qe3 Ng4 14. Qh3 f5 15. Nf3 h6 16. Nh4 Bxh4 17. Qxh4 Qe7 18. Qg3 b6 19. f3 Nf6 20. Bxh6 Nh5
21. Qg6 Qf7 22. Qxf7+ Kxf7 23. Be3 f4 24. Bf2 a5 25. Re5 Nf6 26. Bh4 Rh8 27. Bg5 Nh5 28. Bh4 Nf6 29. Be1 Rh5 30. Rxh5 Nxh5
31. Bd2 Ba6 32. Bxa6 Rxa6 33. Kf2 Ra8 34. a4 Rb8 35. Rb1 g5 36. b4 axb4 37. Rxb4 Ra8 38. g3 fxg3+ 39. hxg3 Kf6 40. c4 dxc4
41. Rxc4 Ng7 42. Rb4 Nf5 43. Be3 Nxe3 44. Kxe3 Ra6 45. Ke4 Ke7 46. Ke5 Kf7 47. f4 gxf4 48. gxf4 Ra5+ 49. Kd6 Rf5 50. Rxb6 Rxf4
51. Rb4 Rf5 52. Kc6 e5 53. dxe5 Rxe5 54. Rd4 Re2 55. a5
1-0

[Event "For Anand Champion of the world "]
[Site "SchemingMind.com"]
[Date "2007.10.19"]
[Round "-"]
[White "Dr_Pat"]
[Black "tyler_ensor"]
[Result "1/2-1/2"]
[WhiteCountry "USA"]
[BlackCountry "CAN"]
[WhiteElo "1497"]
[WhiteRD "44"]
[BlackElo "1633"]
[BlackRD "77"]
[GameID "125323"]

1. d4 Nf6 2. c4 e6 3. Nc3 d5 4. Nf3 c5 5. e3 Nc6 6. Be2 dxc4 7. Bxc4 cxd4 8. exd4 Be7 9. O-O O-O 10. Bg5 b6
11. Bxf6 Bxf6 12. Ne4 Bxd4 13. Nxd4 Qxd4 14. Qxd4 Nxd4 15. Rad1 Nf5 16. Nd6 a5 17. Nxf5 exf5 18. f4 Rb8 19. a4 Bb7 20. Bd5 Bxd5=
1/2-1/2

[Event "For Anand Champion of the world "]
[Site "SchemingMind.com"]
[Date "2007.10.19"]
[Round "-"]
[White "kado"]
[Black "tyler_ensor"]
[Result "1-0"]
[WhiteCountry "USA"]
[BlackCountry "CAN"]
[WhiteElo "1847"]
[WhiteRD "91"]
[BlackElo "1534"]
[BlackRD "66"]
[GameID "125324"]

1. e4 e5 2. Nf3 Nc6 3. Bb5 a6 4. Ba4 Nf6 5. O-O Be7 6. Re1 b5 7. Bb3 d6 8. c3 O-O 9. h3 Nb8 10. d4 Nbd7
11. Nbd2 Bb7= 12. Bc2 Re8 13. a4 Bf8 14. Bd3 c6 15. b3 g6 16. Qc2 exd4 17. cxd4 d5 18. e5 Nh5 19. Nf1 Ng7 20. Bd2
1-0

[Event "For Anand Champion of the world "]
[Site "SchemingMind.com"]
[Date "2007.10.24"]
[Round "-"]
[White "kifosi"]
[Black "tyler_ensor"]
[Result "1/2-1/2"]
[WhiteCountry "DEN"]
[BlackCountry "CAN"]
[WhiteElo "1816"]
[WhiteRD "67"]
[BlackElo "1679"]
[BlackRD "68"]
[GameID "125325"]

1. d4 Nf6 2. c4 e6 3. Nc3 Bb4 4. Nf3 b6 5. Qb3 c5 6. Bg5 Bb7 7. e3 Bxc3+ 8. Qxc3 cxd4 9. Nxd4 a6 10. f3 Nc6
11. Nxc6 Bxc6 12. Bxf6 Qxf6 13. Qxf6 gxf6= 14. Bd3 h6 15. Kf2 Rg8 16. a3 Ke7 17. e4 a5 18. Rac1 d6 19. Rhd1 Rac8 20. b3 Bb7
21. g4 e5 22. Rd2 d5 23. Rdc2 dxe4 24. Bxe4 Bxe4 25. fxe4 Rxg4 26. Kf3 Rcg8 27. c5 Rg1 28. cxb6 Rxc1 29. Rxc1 Rb8 30. Rc7+=
1/2-1/2

[Event "For Anand Champion of the world "]
[Site "SchemingMind.com"]
[Date "2007.10.20"]
[Round "-"]
[White "Lazaro"]
[Black "tyler_ensor"]
[Result "1-0"]
[WhiteCountry "CUB"]
[BlackCountry "CAN"]
[WhiteElo "1507"]
[WhiteRD "47"]
[BlackElo "1534"]
[BlackRD "66"]
[GameID "125326"]

1. e4 e6 2. d4 d5 3. exd5 exd5 4. Nf3 Nf6 5. Bd3 Bd6 6. Qe2+ Qe7 7. Qxe7+ Kxe7 8. Bg5 Nd7 9. O-O Re8 10. Re1+ Kf8
11. Nc3 h6 12. Rxe8+ Kxe8 13. Re1+ Kf8= 14. Bxf6 Nxf6 15. Nb5
1-0

[Event "For Anand Champion of the world "]
[Site "SchemingMind.com"]
[Date "2007.10.24"]
[Round "-"]
[White "mi_di"]
[Black "tyler_ensor"]
[Result "1-0"]
[WhiteCountry "MEX"]
[BlackCountry "CAN"]
[WhiteElo "1943"]
[WhiteRD "90"]
[BlackElo "1534"]
[BlackRD "66"]
[GameID "125329"]

1. d4 Nf6 2. c4 e6 3. Nc3 Bb4 4. e3 O-O 5. Bd3 d5 6. Nf3 c5 7. O-O Nc6 8. cxd5 Nxd5 9. Nxd5 Qxd5 10. a3 Ba5
11. Qc2 cxd4 12. Bxh7+ Kh8 13. Be4 Qd8 14. Nxd4
1-0

[Event "For Anand Champion of the world "]
[Site "SchemingMind.com"]
[Date "2007.10.20"]
[Round "-"]
[White "Elekt"]
[Black "tyler_ensor"]
[Result "0-1"]
[WhiteCountry "GRE"]
[BlackCountry "CAN"]
[WhiteElo "1557"]
[WhiteRD "84"]
[BlackElo "1679"]
[BlackRD "68"]
[GameID "125330"]

1. d4 Nf6 2. c4 e6 3. Bg5 Be7 4. Nf3 b6 5. e3 Bb7 6. Bd3 d5 7. cxd5 Bxd5 8. Nc3 Bb7 9. O-O O-O 10. a3 Nbd7
11. b4 Nd5 12. Bxe7 Qxe7 13. Rc1 N7f6
0-1

[Event "For Anand Champion of the world "]
[Site "SchemingMind.com"]
[Date "2007.10.20"]
[Round "-"]
[White "Shogun"]
[Black "tyler_ensor"]
[Result "1-0"]
[WhiteCountry "CRO"]
[BlackCountry "CAN"]
[WhiteElo "1741"]
[WhiteRD "129"]
[BlackElo "1633"]
[BlackRD "77"]
[GameID "125331"]

1. Nf3 g6 2. g3 Bg7 3. Bg2 Nf6 4. O-O O-O 5. c4 d6 6. d4 Nbd7 7. Nc3 e5 8. e4 exd4 9. Nxd4 Re8 10. h3 a6
11. a4 Nc5 12. Re1 a5 13. Nb3 Nfd7 14. Nxc5 Nxc5 15. Qc2 c6 16. Bf4 Be5 17. Bxe5 Rxe5 18. Rad1 Qc7= 19. f4 Rh5 20. g4 Rh6
21. e5 dxe5 22. Rxe5 Qb6 23. Qf2 Nd7 24. Qxb6 Nxb6 25. Rd8+ Kg7 26. Ree8
1-0